00422pab a2200145 454500008004000000100001600040245008600056260000900142300001500151362000800166650002400174650001600198700001400214773004800228180718b2013 xxu||||| |||| 00| 0 eng d aYe, Fangzhi aDeterminants of land finance in China: Study based on provincial-level panel data c2013 ap.293-303. aSep aLand values - China aLand values aWang, Wen aAustralian Journal of Public Administration